000 00768nam a2200265Ia 4500
001 Para_4866
003 CHAP
008 220125s1958 xx 000 0 und d
010 _a203307
040 _cCHAP
090 _aPA FOLLETO 2301
100 _aMosher, Paul N
_979010
245 _aSpraying potatoes :
_b to control insects and diseases /
_c Paul N. Mosher
260 _aOrono :
_b University of Maine
300 _a18 p.
440 _aMaine Agr. Ext. Serv. Bull.; 464
_9169033
650 _aPapa
_x Aspersión Papa
_x Plagas Papa
_x Enfermedades
_9169034
901 _aPA FOLLETO 2301
902 _aA
905 _a0000001958 ORO 0000000000 00
910 _a1958
942 _cPARA
942 _cPARA
_d1
999 _c203307
_d203307